书目信息 |
| 题名: |
重组改制与深化改革
|
|
| 作者: | 于毅波 主编 | |
| 分册: | ||
| 出版信息: | 北京 商务印书馆 2005.12 |
|
| 页数: | 356页 | |
| 开本: | 23cm | |
| 丛书名: | 中国石油财务管理与改革丛书 | |
| 单 册: | ||
| 中图分类: | F426.22 | |
| 科图分类: | ||
| 主题词: | 石油工业--经济体制改革--中国 | |
| 电子资源: | ||
| ISBN: | 7-100-04607-6 | |
| 000 | 00975nam 2200253 45 | |
| 001 | 192004001918 | |
| 005 | 20070906144018.68 | |
| 010 | @a7-100-04607-6@dCNY40.00 | |
| 100 | @a20070531d2005 ekmy0chiy0121 ea | |
| 101 | 0 | @achi |
| 102 | @aCN@b110000 | |
| 105 | @aak a 000yy | |
| 200 | 1 | @a重组改制与深化改革@Achong zu gai zhi yu shen hua gai ge@f于毅波主编 |
| 210 | @a北京@c商务印书馆@d2005.12 | |
| 215 | @a356页@c图@d23cm | |
| 225 | 2 | @a中国石油财务管理与改革丛书@Azhong guo shi you cai wu guan li yu gai ge cong shu |
| 320 | @a有书目 (第355-356页) | |
| 330 | @a本书分五篇, 第一篇历史回顾: 渐行的体制变迁; 第二篇战略思考: 寻找更有效的体制模式; 第三篇重组改制: 产权关系的突破; 第四篇深化改革: 规范公司治理和管理体制; 第五篇前景展望: 国家控股公司的管理新体制。 | |
| 410 | 0 | @12001 @a中国石油财务管理与改革丛书 |
| 606 | 0 | @a石油工业@x经济体制改革@y中国 |
| 690 | @aF426.22@v4 | |
| 701 | 0 | @a于毅波@Ayu yi bo@4主编 |
| 801 | 0 | @aCN@c20070906 |
| 905 | @dF426.22@eY730 | |
| 重组改制与深化改革/于毅波主编.-北京:商务印书馆,2005.12 |
| 356页:图;23cm.-(中国石油财务管理与改革丛书) |
| ISBN 7-100-04607-6:CNY40.00 |
| 本书分五篇, 第一篇历史回顾: 渐行的体制变迁; 第二篇战略思考: 寻找更有效的体制模式; 第三篇重组改制: 产权关系的突破; 第四篇深化改革: 规范公司治理和管理体制; 第五篇前景展望: 国家控股公司的管理新体制。 |
| ● |
| 相关链接 |
|
|
|
正题名:重组改制与深化改革
索取号:F426.22/Y730
 
预约/预借
| 序号 | 登录号 | 条形码 | 馆藏地/架位号 | 状态 | 备注 |
| 1 | 623250 | 206232502 | 社科二线422/409社科库 36排2列2层/ [索取号:F426.22/Y730] | 在馆 | |
| 2 | 623251 | 206232511 | 社科库409/409社科库 36排1列5层/ [索取号:F426.22/Y730] | 在馆 | |
| 3 | 623252 | 206232520 | 社科二线422/409社科库 36排2列2层/ [索取号:F426.22/Y730] | 在馆 |